2020.

The Yearbook of the German Schiller Society is an annual journal that primarily publishes essays on German-language literature from the Enlightenment to the present day. This time span coincides with the collections housed at the German Literary Archive in Marbach, which is under the stewardship of...

Full description

Bibliographic Details
Main Author: Honold, Alexander.
Other Authors: Lubkoll, Christine., Martus, Steffen., Richter, Sandra.
Format: eBook
Language:German
Published: Berlin/Boston : Walter de Gruyter GmbH, 2020.
Edition:1st ed.
Subjects:
Online Access:Click to View
LEADER 02890nam a22003973i 4500
001 EBC6397207
003 MiAaPQ
005 20231204023215.0
006 m o d |
007 cr cnu||||||||
008 231204s2020 xx o ||||0 ger d
020 |a 9783110688054  |q (electronic bk.) 
035 |a (MiAaPQ)EBC6397207 
035 |a (Au-PeEL)EBL6397207 
035 |a (OCoLC)1223091293 
040 |a MiAaPQ  |b eng  |e rda  |e pn  |c MiAaPQ  |d MiAaPQ 
100 1 |a Honold, Alexander. 
245 1 0 |a 2020. 
250 |a 1st ed. 
264 1 |a Berlin/Boston :  |b Walter de Gruyter GmbH,  |c 2020. 
264 4 |c ©2020. 
300 |a 1 online resource (512 pages) 
336 |a text  |b txt  |2 rdacontent 
337 |a computer  |b c  |2 rdamedia 
338 |a online resource  |b cr  |2 rdacarrier 
505 0 |a Intro -- Inhalt -- TEXTE UND DOKUMENTE -- »Wir Stadtliebhaber werden geheissen, den Landliebhaber Knebel zu grüssen.« -- Hermann Hauffs programmatische Aufsätze über das Morgenblatt für gebildete Stände von 1827 -- Das gescheiterte Museum der deutschen Nationalliteratur (1953-1967) in Weimar -- AUFSÄTZE -- Klassische Romantik und Ästhetik der Tiefe. -- Sendeschluss -- Wissensdrang und Schwärmertum im Berliner Szenar, Lessings frühem Faust-Fragment -- »Nocte pluit tota …« -- Zwischen Pikturalität und Poetologie -- Ruhende Löwen -- Poetophonie -- ›Der Poet als Maskenball‹ -- »Erzählmodus an« -- SCHWERPUNKT -- Die Literatur und ihre Medien -- Perspektiven der Praxis -- Literatur ausstellen als poetische Forschung -- Dichterhäuser -- Authentische Atmosphären -- MARBACHER VORTRÄGE -- Ein Schwabe wie ich! -- DEUTSCHE SCHILLERGESELLSCHAFT -- Jahresbericht der Deutschen Schillergesellschaft -- Anschriften der jahrbuch-mitarbeiter -- Zum Frontispiz -- Impressum. 
520 |a The Yearbook of the German Schiller Society is an annual journal that primarily publishes essays on German-language literature from the Enlightenment to the present day. This time span coincides with the collections housed at the German Literary Archive in Marbach, which is under the stewardship of the German Schiller Society. Although studies on Schiller are especially welcome, they constitute only a portion of the journal's spectrum. 
588 |a Description based on publisher supplied metadata and other sources. 
590 |a Electronic reproduction. Ann Arbor, Michigan : ProQuest Ebook Central, 2023. Available via World Wide Web. Access may be limited to ProQuest Ebook Central affiliated libraries.  
655 4 |a Electronic books. 
700 1 |a Lubkoll, Christine. 
700 1 |a Martus, Steffen. 
700 1 |a Richter, Sandra. 
776 0 8 |i Print version:  |a Honold, Alexander  |t 2020  |d Berlin/Boston : Walter de Gruyter GmbH,c2020 
797 2 |a ProQuest (Firm) 
856 4 0 |u https://ebookcentral.proquest.com/lib/matrademy/detail.action?docID=6397207  |z Click to View